000
00302nam a2200133Ia 4500
008
231129s1983||||xx |||||||||||||| ||spa||
040
_b
spa
082
_a
320.52 B562u
100
_a
Betancur Belisario
245
0
_a
Una sola paz
260
_c
1983
264
_a
Imprenta Nacional
942
_2
ddc
_c
BKS
999
_c
26015
_d
26015